000 00394nam a2200157Ia 4500
008 230312s9999||||xx |||||||||||||| ||und||
020 _a0-7506-6527-0
082 _a721
_bCHA-S
100 _aCharleson;Andrew.W
245 0 _aStructure as Architecture
260 _bElsevies
_aItaly
_c2005
300 _a228
546 _aEng.
650 _aArchitecture
_vStructure as Architecture
942 _cBK
999 _c9153
_d9153